000 00430nam a22001697a 4500
005 20160627113617.0
008 160627b xxu||||| |||| 00| 0 eng d
020 _a0-7069-9900-2
041 _aeng
082 _b10277
100 _aChouhan, S.S.
_92910
245 _aAdvanced Educational Psychology
260 _aNew Delhi
_bVikas Publishing House (P) Ltd.
_c2002
300 _a531
650 _aAgriculture
_92837
942 _cBK
999 _c4212
_d4211